[Event "Vecindario Montalvo Memorial 16th"]
[Site "Vecindario"]
[Date "2024.03.29"]
[Round "7"]
[White "Estremera Panos, Sergio"]
[Black "Ascension Suarez, Joel"]
[Result "1-0"]
[WhiteElo "2233"]
[BlackElo "1731"]
[PlyCount "29"]
[EventDate "2024.03.23"]
[EventType "swiss"]
[EventRounds "9"]
[EventCountry "ESP"]
[SourceTitle "CB15_2024"]
[SourceDate "2024.04.10"]
[SourceVersion "1"]
[SourceVersionDate "2024.04.10"]
[SourceQuality "1"]

1. d4 Nf6 2. Nf3 e6 3. c4 d5 4. Nc3 Be7 5. Bg5 b6 6. e3 Bb7 7. Bxf6 Bxf6 8. cxd5 Bxd5 9. Nxd5 Qxd5 10. Qa4+ Qd7 11. Qc2 Qd6 12. Bd3 Nd7 13. 0-0 Bd8 14. Bb5 0-0 15. Qc6 1-0

[Event "Las Palmas San Mateo CC op 1st"]
[Site "Las Palmas"]
[Date "2023.12.04"]
[Round "1"]
[White "Vargas Tinoco, Martin Alonso"]
[Black "Estremera Panos, Sergio"]
[Result "0-1"]
[WhiteElo "1535"]
[BlackElo "2236"]
[PlyCount "78"]
[EventDate "2023.12.04"]
[EventType "swiss"]
[EventRounds "9"]
[EventCountry "ESP"]
[SourceTitle "CB50_2023"]
[SourceDate "2023.12.13"]
[SourceVersion "1"]
[SourceVersionDate "2023.12.13"]
[SourceQuality "1"]

1. d4 Nf6 2. Bf4 g6 3. Nc3 d5 4. Nb5 Na6 5. Nf3 Bg7 6. e3 0-0 7. Be2 Bf5 8. c3 c6 9. Na3 Nc7 10. Qb3 Nh5 11. Be5 Bc8 12. 0-0 Ne8 13. c4 e6 14. cxd5 exd5 15. Rac1 f6 16. Bg3 Nxg3 17. hxg3 Nd6 18. Nb1 Bg4 19. Nbd2 Kh8 20. Bd3 Re8 21. Rc3 Be6 22. Qc2 a5 23. a4 Bf7 24. Rc1 Qe7 25. Nb3 Bf8 26. Nfd2 Qd8 27. Nc5 Kg7 28. Kf1 Be7 29. Be2 f5 30. Rb3 Rb8 31. Bf3 Bf6 32. Nd3 Ne4 33. Nc5 Nd6 34. Nd3 Qe7 35. Nc5 g5 36. Nd3 Ne4 37. Rb6 Nd6 38. Qc5 Qd8 39. Qc3 Qxb6 0-1

[Event "San Cristobal op 5th"]
[Site "San Cristobal de La Laguna"]
[Date "2023.08.26"]
[Round "1"]
[White "Estremera Panos, Sergio"]
[Black "De la Paz Molina, Juan Carlos"]
[Result "1-0"]
[WhiteElo "2270"]
[BlackElo "1528"]
[PlyCount "23"]
[EventDate "2023.08.26"]
[EventType "swiss"]
[EventRounds "9"]
[EventCountry "ESP"]
[SourceTitle "EXT 2024"]
[Source "ChessBase"]
[SourceDate "2023.10.10"]
[SourceVersion "1"]
[SourceVersionDate "2023.10.10"]
[SourceQuality "1"]

1. d4 d5 2. c4 Nc6 3. Nf3 Bg4 4. Nc3 Nf6 5. cxd5 Bxf3 6. gxf3 Nxd5 7. e4 Nb6 8. d5 Nb8 9. Be3 c6 10. a4 a5 11. dxc6 Qc7 12. Nb5 1-0

[Event "La Palma Island op"]
[Site "Santa Cruz de La Palma"]
[Date "2023.08.06"]
[Round "3"]
[White "Estremera Panos, Sergio"]
[Black "Perez Perez, Gabriel"]
[Result "1/2-1/2"]
[WhiteElo "2270"]
[BlackElo "2214"]
[PlyCount "21"]
[EventDate "2023.08.05"]
[EventType "swiss"]
[EventRounds "9"]
[EventCountry "ESP"]
[SourceTitle "CBM 215 Extra"]
[Source "ChessBase"]
[SourceDate "2023.09.30"]
[SourceVersion "1"]
[SourceVersionDate "2023.09.30"]
[SourceQuality "1"]

1. d4 Nf6 2. c4 g6 3. Nc3 Bg7 4. e4 d6 5. Be2 0-0 6. Be3 e5 7. d5 Na6 8. g4 Nc5 9. f3 a5 10. Nh3 Ne8 11. Nf2 1/2-1/2

[Event "Titled Tuesday intern op 23rd May Early"]
[Site "Chess.com INT"]
[Date "2023.05.23"]
[Round "4"]
[White "Estremera Panos, Sergio"]
[Black "Khamdamova, Afruza"]
[Result "1/2-1/2"]
[WhiteElo "2275"]
[BlackElo "2162"]
[PlyCount "113"]
[EventDate "2023.05.23"]
[EventType "swiss (blitz)"]
[EventRounds "11"]
[EventCountry "USA"]
[SourceTitle "CBM 214 Extra"]
[Source "ChessBase"]
[SourceDate "2023.07.31"]
[SourceVersion "1"]
[SourceVersionDate "2023.07.31"]
[SourceQuality "1"]

1. d4 Nf6 2. c4 e6 3. Nc3 d5 4. cxd5 exd5 5. Bg5 Be7 6. e3 c6 7. Bd3 0-0 8. Qc2 Nbd7 9. Nf3 h6 10. Bh4 Re8 11. 0-0 Ne4 12. Bxe7 Qxe7 13. Bxe4 dxe4 14. Nd2 Nf6 15. Rae1 Bg4 16. f3 exf3 17. Nxf3 Bxf3 18. Rxf3 Ne4 19. Ref1 f6 20. Nxe4 Qxe4 21. Qb3+ Kh8 22. Qxb7 Rab8 23. Qxa7 Rxb2 24. Rg3 Re7 25. Qa6 h5 26. Qc8+ Kh7 27. h3 Rxa2 28. Rxf6 h4 29. Rh6+ Kxh6 30. Rg4 Qxe3+ 31. Kh2 Re8 32. Rxh4+ Kg6 33. Qxc6+ Qe6 34. Rg4+ Kh7 35. Qb7 Qd6+ 36. Rg3 Rxg2+ 37. Qxg2 Qxd4 38. Qc2+ Kh8 39. Qd3 Qb2+ 40. Rg2 Qe5+ 41. Qg3 Qf6 42. Qg6 Qe5+ 43. Qg3 Qd4 44. Qg6 Re7 45. Qh5+ Kg8 46. Qg6 Rc7 47. Qg3 Rc5 48. Qb3+ Kh7 49. Qg3 Rh5 50. Qg4 Qe5+ 51. Qg3 Qf6 52. Qg4 Rh6 53. Qe4+ Kh8 54. Qe8+ Kh7 55. Qe4+ Kh8 56. Qe8+ Kh7 57. Qe4+ 1/2-1/2

[Event "Titled Tuesday intern op 23rd May Early"]
[Site "Chess.com INT"]
[Date "2023.05.23"]
[Round "5"]
[White "Osinovsky, Stepan"]
[Black "Estremera Panos, Sergio"]
[Result "0-1"]
[WhiteElo "2241"]
[BlackElo "2275"]
[PlyCount "54"]
[EventDate "2023.05.23"]
[EventType "swiss (blitz)"]
[EventRounds "11"]
[EventCountry "USA"]
[SourceTitle "CBM 214 Extra"]
[Source "ChessBase"]
[SourceDate "2023.07.31"]
[SourceVersion "1"]
[SourceVersionDate "2023.07.31"]
[SourceQuality "1"]

1. Nf3 d5 2. g3 Nf6 3. Bg2 Bf5 4. 0-0 c6 5. d3 h6 6. Nbd2 e6 7. b3 Be7 8. Bb2 0-0 9. c4 Nbd7 10. Rc1 a5 11. a3 c5 12. cxd5 exd5 13. e4 Bh7 14. e5 Ne8 15. d4 b6 16. Re1 Nc7 17. Nf1 Ne6 18. Ne3 cxd4 19. Nxd4 Ndc5 20. Nc6 Qe8 21. Nxd5 Bg5 22. f4 Qxc6 23. fxg5 Qb5 24. gxh6 Nd3 25. hxg7 Rfd8 26. Nf6+ Kxg7 27. Nh5+ Kh8 0-1

[Event "Titled Tuesday intern op 02nd May Late"]
[Site "Chess.com INT"]
[Date "2023.05.02"]
[Round "1"]
[White "Adewumi, Tanitoluwa"]
[Black "Estremera Panos, Sergio"]
[Result "1-0"]
[WhiteElo "2283"]
[BlackElo "2275"]
[PlyCount "55"]
[EventDate "2023.05.02"]
[EventType "swiss (blitz)"]
[EventRounds "11"]
[EventCountry "USA"]
[SourceTitle "EXT 2024"]
[Source "ChessBase"]
[SourceDate "2023.10.10"]
[SourceVersion "1"]
[SourceVersionDate "2023.10.10"]
[SourceQuality "1"]

1. e4 c5 2. Nf3 Nc6 3. Bb5 Nf6 4. e5 Nd5 5. Bxc6 bxc6 6. 0-0 g6 7. d4 cxd4 8. Qxd4 Bg7 9. c4 Nc7 10. Nc3 Ne6 11. Qh4 0-0 12. Bh6 Rb8 13. b3 Qa5 14. Ne4 Bxe5 15. Nxe5 Qxe5 16. Qxe7 Qxe4 17. Bxf8 Qf4 18. Qd6 Qxd6 19. Bxd6 Ra8 20. Rae1 c5 21. Re5 Bb7 22. f4 Rc8 23. f5 gxf5 24. Rfxf5 Rc6 25. Be7 Nd4 26. Rg5+ Kh8 27. Bf6+ Rxf6 28. Re8# 1-0

[Event "Titled Tuesday intern op 02nd May Late"]
[Site "Chess.com INT"]
[Date "2023.05.02"]
[Round "10"]
[White "Estremera Panos, Sergio"]
[Black "Vaglio Munoz, Jaime"]
[Result "1-0"]
[WhiteElo "2275"]
[BlackElo "2174"]
[PlyCount "115"]
[EventDate "2023.05.02"]
[EventType "swiss (blitz)"]
[EventRounds "11"]
[EventCountry "USA"]
[SourceTitle "EXT 2024"]
[Source "ChessBase"]
[SourceDate "2023.10.10"]
[SourceVersion "1"]
[SourceVersionDate "2023.10.10"]
[SourceQuality "1"]

1. d4 c6 2. c4 b5 3. cxb5 cxb5 4. e4 Bb7 5. Bd3 Nf6 6. Qe2 Nc6 7. Nf3 Nb4 8. d5 Nxd3+ 9. Qxd3 a6 10. 0-0 d6 11. Bg5 Nd7 12. Nbd2 h6 13. Bf4 g6 14. Rac1 Bg7 15. Qc2 Rc8 16. Qb3 Nc5 17. Qa3 g5 18. Be3 Na4 19. Bd4 0-0 20. Bxg7 Kxg7 21. Nd4 Rxc1 22. Rxc1 Bc8 23. Qg3 Qb6 24. N2f3 Nc5 25. Re1 Nd3 26. Rd1 Nxb2 27. Rb1 Nd3 28. Nxg5 hxg5 29. Qxg5+ Kh7 30. Qh4+ Kg7 31. Qg3+ Kh7 32. Qxd3 Rg8 33. e5+ Rg6 34. e6 fxe6 35. h4 Kg7 36. Re1 e5 37. Nf5+ Bxf5 38. Qxf5 Qd8 39. h5 Rf6 40. Qg5+ Kf7 41. Re3 Qh8 42. Rg3 Qh7 43. Qh4 Qf5 44. Rf3 Qb1+ 45. Kh2 Rxf3 46. gxf3 Qf5 47. h6 Kg8 48. Qg3+ Kf8 49. Qg7+ Ke8 50. h7 Qh5+ 51. Kg1 Kd7 52. h8Q Qxf3 53. Qhg8 Qd1+ 54. Kg2 Qxd5+ 55. Qxd5 e4 56. Qxe4 d5 57. Qexe7+ Kc6 58. Qgf6# 1-0

[Event "Titled Tuesday intern op 02nd May Late"]
[Site "Chess.com INT"]
[Date "2023.05.02"]
[Round "6"]
[White "Kavutskiy, Konstantin"]
[Black "Estremera Panos, Sergio"]
[Result "1-0"]
[WhiteElo "2414"]
[BlackElo "2275"]
[PlyCount "55"]
[EventDate "2023.05.02"]
[EventType "swiss (blitz)"]
[EventRounds "11"]
[EventCountry "USA"]
[SourceTitle "EXT 2024"]
[Source "ChessBase"]
[SourceDate "2023.10.10"]
[SourceVersion "1"]
[SourceVersionDate "2023.10.10"]
[SourceQuality "1"]

1. d4 d5 2. c4 e6 3. Nf3 Nf6 4. e3 c5 5. cxd5 exd5 6. Nc3 Nc6 7. a3 cxd4 8. Nxd4 Bd6 9. Be2 0-0 10. 0-0 Re8 11. Nxc6 bxc6 12. b4 Be5 13. Bb2 a5 14. b5 Rb8 15. Rb1 Qd6 16. h3 Bf5 17. Bd3 Bxd3 18. Qxd3 Bxc3 19. Bxc3 cxb5 20. Rxb5 Qxa3 21. Ra1 Qd6 22. Rbxa5 Rec8 23. Ra6 Rc6 24. Ra8 h6 25. Bxf6 gxf6 26. Rxb8+ Qxb8 27. Qxd5 Re6 28. Ra8 1-0

[Event "Titled Tuesday intern op 18th Apr Late"]
[Site "Chess.com INT"]
[Date "2023.04.18"]
[Round "5"]
[White "Estremera Panos, Sergio"]
[Black "Fernandez Garcia, Gumersindo"]
[Result "1-0"]
[WhiteElo "2269"]
[BlackElo "2172"]
[PlyCount "89"]
[EventDate "2023.04.18"]
[EventType "swiss (blitz)"]
[EventRounds "11"]
[EventCountry "USA"]
[SourceTitle "EXT 2024"]
[Source "ChessBase"]
[SourceDate "2023.10.10"]
[SourceVersion "1"]
[SourceVersionDate "2023.10.10"]
[SourceQuality "1"]

1. d4 Nf6 2. c4 d6 3. Nf3 Nbd7 4. Nc3 e5 5. e3 g6 6. Bd3 Bg7 7. 0-0 0-0 8. d5 Nc5 9. e4 a5 10. b3 Nh5 11. Ne1 Bf6 12. Be3 b6 13. Qd2 Ng7 14. Rb1 Be7 15. a3 f5 16. f3 f4 17. Bf2 g5 18. b4 axb4 19. axb4 Nxd3 20. Nxd3 h5 21. c5 bxc5 22. bxc5 g4 23. Nb4 Bd7 24. c6 Bc8 25. Ra1 Rb8 26. Rfb1 gxf3 27. gxf3 Bh4 28. Ba7 Ra8 29. Kh1 Bh3 30. Rg1 Kh8 31. Nc2 Qf6 32. Bf2 Rxa1 33. Rxa1 Rg8 34. Rg1 Ne8 35. Qe1 Bxf2 36. Qxf2 Rxg1+ 37. Qxg1 Qh4 38. Ne2 Ng7 39. Ne1 Bc8 40. Ng2 Qh3 41. Qf2 Kh7 42. Ng1 Bg4 43. Nxh3 Bxh3 44. Qh4 Bc8 45. Qd8 1-0

[Event "Titled Tuesday intern op 18th Apr Late"]
[Site "Chess.com INT"]
[Date "2023.04.18"]
[Round "2"]
[White "Shubenkova, Veronika"]
[Black "Estremera Panos, Sergio"]
[Result "1-0"]
[WhiteElo "2002"]
[BlackElo "2269"]
[PlyCount "77"]
[EventDate "2023.04.18"]
[EventType "swiss (blitz)"]
[EventRounds "11"]
[EventCountry "USA"]
[SourceTitle "EXT 2024"]
[Source "ChessBase"]
[SourceDate "2023.10.10"]
[SourceVersion "1"]
[SourceVersionDate "2023.10.10"]
[SourceQuality "1"]

1. e4 c5 2. Nc3 Nc6 3. g3 g6 4. Bg2 Bg7 5. d3 e6 6. f4 d6 7. Nf3 Nge7 8. 0-0 0-0 9. Rb1 Rb8 10. Be3 b5 11. Ne2 b4 12. g4 f5 13. gxf5 exf5 14. Ng3 Qc7 15. h4 Be6 16. b3 fxe4 17. dxe4 Bg4 18. Qd2 Rbd8 19. Ng5 Nd4 20. f5 gxf5 21. exf5 Nexf5 22. Nxf5 Bxf5 23. Bd5+ Kh8 24. Bxd4 Bxd4+ 25. Kh2 Qg7 26. Qg2 h6 27. Nf7+ Rxf7 28. Qxg7+ Rxg7 29. Rxf5 Re8 30. Rbf1 Re2+ 31. Kh1 Be5 32. R5f2 Rxf2 33. Rxf2 Rg3 34. Rf8+ Kg7 35. Rf7+ Kg6 36. Rxa7 Rh3+ 37. Kg2 Rh2+ 38. Kf3 Rxc2 39. Be4+ 1-0

[Event "Titled Tuesday intern op 04th Apr Early"]
[Site "Chess.com INT"]
[Date "2023.04.04"]
[Round "7"]
[White "Estremera Panos, Sergio"]
[Black "Santos, Jose Guilherme B Li"]
[Result "1-0"]
[WhiteElo "2269"]
[BlackElo "2377"]
[PlyCount "91"]
[EventDate "2023.04.04"]
[EventType "swiss (blitz)"]
[EventRounds "11"]
[EventCountry "USA"]
[SourceTitle "EXT 2024"]
[Source "ChessBase"]
[SourceDate "2023.10.10"]
[SourceVersion "1"]
[SourceVersionDate "2023.10.10"]
[SourceQuality "1"]

1. d4 Nf6 2. c4 g6 3. Nc3 Bg7 4. e4 d6 5. Nf3 0-0 6. Be2 e5 7. d5 a5 8. Bg5 h6 9. Bh4 g5 10. Bg3 Nh7 11. Nd2 f5 12. f3 Na6 13. 0-0 Nc5 14. b3 Nf6 15. a3 a4 16. b4 Na6 17. Bf2 Bd7 18. c5 fxe4 19. fxe4 Qe7 20. c6 bxc6 21. dxc6 Be8 22. b5 Nc5 23. Bxc5 dxc5 24. Nc4 Bg6 25. Nd5 Nxd5 26. exd5 e4 27. d6 cxd6 28. Qxd6 Qxd6 29. Nxd6 Bxa1 30. Rxa1 Rf6 31. Bc4+ Kg7 32. Nb7 Rc8 33. Nxc5 e3 34. Re1 Rf4 35. Be6 Rcf8 36. c7 Bd3 37. Nxd3 R4f6 38. c8Q e2 39. Qd7+ Kh8 40. h3 Rf1+ 41. Kh2 Rxe1 42. Nxe1 Rf1 43. Qd4+ Rf6 44. Qxf6+ Kh7 45. Qf7+ Kh8 46. Qg8# 1-0

[Event "Titled Tuesday intern op 04th Apr Early"]
[Site "Chess.com INT"]
[Date "2023.04.04"]
[Round "2"]
[White "Sousa, Andre Ventura"]
[Black "Estremera Panos, Sergio"]
[Result "1-0"]
[WhiteElo "2470"]
[BlackElo "2269"]
[PlyCount "97"]
[EventDate "2023.04.04"]
[EventType "swiss (blitz)"]
[EventRounds "11"]
[EventCountry "USA"]
[SourceTitle "EXT 2024"]
[Source "ChessBase"]
[SourceDate "2023.10.10"]
[SourceVersion "1"]
[SourceVersionDate "2023.10.10"]
[SourceQuality "1"]

1. e4 c5 2. Nf3 Nc6 3. d4 cxd4 4. Nxd4 e5 5. Nb5 d6 6. c4 g6 7. Bd3 Bg7 8. 0-0 Nf6 9. N1c3 a6 10. Na3 0-0 11. Nc2 Be6 12. Nd5 Rb8 13. a4 Nd4 14. Nxd4 exd4 15. Bg5 h6 16. Nxf6+ Bxf6 17. Bxh6 Re8 18. f4 Rc8 19. b3 b5 20. cxb5 axb5 21. Bxb5 Re7 22. f5 gxf5 23. exf5 Bd5 24. Qg4+ Kh7 25. Qh5 Qh8 26. Bf8+ Kg8 27. Qxh8+ Kxh8 28. Bxe7 Bxe7 29. f6 Bd8 30. Rac1 Rxc1 31. Rxc1 Bxf6 32. Bc4 Be4 33. Rd1 Kg7 34. b4 Kf8 35. g3 d5 36. Bd3 Ke7 37. Re1 Kd6 38. Bxe4 dxe4 39. Rxe4 Kd5 40. Re1 Kc4 41. b5 Kb4 42. b6 Bd8 43. b7 Bc7 44. b8Q+ Bxb8 45. Rb1+ Kc3 46. Rxb8 d3 47. Rd8 d2 48. a5 Kc2 49. a6 1-0

[Event "Titled Tuesday intern op 04th Apr Early"]
[Site "Chess.com INT"]
[Date "2023.04.04"]
[Round "4"]
[White "Yonal, Timur"]
[Black "Estremera Panos, Sergio"]
[Result "1-0"]
[WhiteElo "2037"]
[BlackElo "2269"]
[PlyCount "57"]
[EventDate "2023.04.04"]
[EventType "swiss (blitz)"]
[EventRounds "11"]
[EventCountry "USA"]
[SourceTitle "EXT 2024"]
[Source "ChessBase"]
[SourceDate "2023.10.10"]
[SourceVersion "1"]
[SourceVersionDate "2023.10.10"]
[SourceQuality "1"]

1. e4 c5 2. Nf3 Nc6 3. Bb5 Nf6 4. e5 Nd5 5. c3 Nc7 6. Ba4 g6 7. 0-0 Bg7 8. d4 cxd4 9. cxd4 0-0 10. Re1 d6 11. exd6 Qxd6 12. Be3 Bg4 13. Nc3 Rfd8 14. h3 Bxf3 15. Qxf3 Nxd4 16. Bxd4 Bxd4 17. Rad1 Ne6 18. Nb5 Qb6 19. Nxd4 Nxd4 20. Qe3 e6 21. Qe5 Qxb2 22. Rb1 Qxa2 23. Rb4 Rd5 24. Qf6 Rad8 25. Rxb7 Rf8 26. Be8 Rf5 27. Bxf7+ Rxf7 28. Rb8+ Rf8 29. Rxf8# 1-0

[Event "Titled Tuesday intern op 28th Mar Late"]
[Site "Chess.com INT"]
[Date "2023.03.28"]
[Round "3"]
[White "Estremera Panos, Sergio"]
[Black "Golubev, Mikhail"]
[Result "1-0"]
[WhiteElo "2265"]
[BlackElo "2461"]
[PlyCount "81"]
[EventDate "2023.03.28"]
[EventType "swiss (blitz)"]
[EventRounds "11"]
[EventCountry "USA"]
[SourceTitle "EXT 2024"]
[Source "ChessBase"]
[SourceDate "2023.10.10"]
[SourceVersion "1"]
[SourceVersionDate "2023.10.10"]
[SourceQuality "1"]

1. d4 Nf6 2. c4 g6 3. Nc3 Bg7 4. e4 d6 5. Nf3 0-0 6. Be2 e5 7. d5 Qe8 8. 0-0 Nh5 9. Be3 Nf4 10. Qd2 Nxe2+ 11. Qxe2 Nd7 12. Nd2 f5 13. f3 f4 14. Bf2 g5 15. b4 Nf6 16. c5 g4 17. Nc4 gxf3 18. gxf3 Bh3 19. Kh1 Bxf1 20. Rxf1 Qd7 21. Rg1 Kh8 22. b5 Rg8 23. b6 axb6 24. cxd6 cxd6 25. Nxb6 Qh3 26. Nxa8 Rxa8 27. Qf1 Qxf3+ 28. Qg2 Qxg2+ 29. Kxg2 Ra3 30. Nb5 Rxa2 31. Nxd6 Ng4 32. Rf1 Ne3+ 33. Kg1 Nxf1 34. Kxf1 Ra1+ 35. Kg2 Ra2 36. Nxb7 Bf8 37. Kf3 Rd2 38. Bh4 Kg8 39. Bf6 Bg7 40. Be7 Kf7 41. Bc5 1-0

[Event "Titled Tuesday intern op 28th Mar Late"]
[Site "Chess.com INT"]
[Date "2023.03.28"]
[Round "2"]
[White "Estremera Panos, Sergio"]
[Black "Koutlas, Nikolaos"]
[Result "0-1"]
[WhiteElo "2265"]
[BlackElo "2305"]
[PlyCount "86"]
[EventDate "2023.03.28"]
[EventType "swiss (blitz)"]
[EventRounds "11"]
[EventCountry "USA"]
[SourceTitle "EXT 2024"]
[Source "ChessBase"]
[SourceDate "2023.10.10"]
[SourceVersion "1"]
[SourceVersionDate "2023.10.10"]
[SourceQuality "1"]

1. d4 f5 2. c4 Nf6 3. Nf3 g6 4. g3 Bg7 5. Bg2 0-0 6. 0-0 d6 7. Nc3 e6 8. Qc2 a6 9. Re1 d5 10. Ne5 c6 11. Bf4 Ne4 12. f3 g5 13. fxe4 gxf4 14. exd5 cxd5 15. cxd5 Qb6 16. Qd2 Bxe5 17. gxf4 Qxd4+ 18. Qxd4 Bxd4+ 19. e3 Bf6 20. dxe6 Bxe6 21. Bxb7 Ra7 22. Bf3 Bxc3 23. bxc3 Nd7 24. Rad1 Nc5 25. Rd6 Bxa2 26. Ra1 Bf7 27. Rc6 Nb3 28. Raxa6 Re7 29. Kf2 Rfe8 30. c4 Rxe3 31. Rc7 Nd4 32. Bd5 Bxd5 33. cxd5 Re2+ 34. Kg3 R8e3+ 35. Kh4 Rxh2+ 36. Kg5 Rg3+ 37. Kf6 Rh6+ 38. Ke5 Nf3+ 39. Kxf5 Rxa6 40. Rc8+ Kg7 41. Rc7+ Kh6 42. Re7 Nd4+ 43. Ke4 Re3+ 0-1

[Event "Titled Tuesday intern op 28th Mar Late"]
[Site "Chess.com INT"]
[Date "2023.03.28"]
[Round "6"]
[White "Estremera Panos, Sergio"]
[Black "Quinonez Garcia, Santiago"]
[Result "1-0"]
[WhiteElo "2265"]
[BlackElo "2248"]
[PlyCount "153"]
[EventDate "2023.03.28"]
[EventType "swiss (blitz)"]
[EventRounds "11"]
[EventCountry "USA"]
[SourceTitle "EXT 2024"]
[Source "ChessBase"]
[SourceDate "2023.10.10"]
[SourceVersion "1"]
[SourceVersionDate "2023.10.10"]
[SourceQuality "1"]

1. d4 Nf6 2. c4 g6 3. Nc3 d5 4. cxd5 Nxd5 5. e4 Nxc3 6. bxc3 Bg7 7. Nf3 c5 8. Bb5+ Nc6 9. d5 Qa5 10. Rb1 a6 11. Bxc6+ bxc6 12. dxc6 0-0 13. 0-0 Qxa2 14. Bf4 Qe6 15. Qa4 Bxc3 16. c7 Bb4 17. Ne5 f6 18. Nd3 Bd7 19. Qb3 Qxb3 20. Rxb3 a5 21. Rc1 a4 22. Rbb1 a3 23. Nxc5 Bc6 24. Rxb4 e5 25. Be3 Rfc8 26. Ra1 Rxc7 27. Nd3 Rd7 28. Nc5 Rda7 29. h4 Ra5 30. Rb3 Kf7 31. Kh2 R8a7 32. Rb6 Be8 33. Rb7+ Rxb7 34. Nxb7 Ra6 35. Nc5 Ra5 36. Nd3 Bb5 37. Nb4 Bc4 38. Nd5 f5 39. Nb6 Be6 40. exf5 gxf5 41. g3 Ra6 42. Rc1 a2 43. Ra1 f4 44. gxf4 exf4 45. Bd4 Ra5 46. Bb2 Rb5 47. Bd4 Rb4 48. Bc5 Rb1 49. Bd4 Rb4 50. Bc5 Rb2 51. Na4 Rc2 52. Bd4 Rc4 53. Rxa2 Rxd4 54. Ra3 Rd2 55. Rf3 Rd4 56. Nc3 Kg6 57. Ne2 Kf5 58. Nxd4+ Ke4 59. Nxe6 Kxf3 60. Ng5+ Kxf2 61. Nxh7 Kf3 62. Kh3 Ke4 63. Ng5+ Kf5 64. Nf3 Kg6 65. Kg4 Kh7 66. Kxf4 Kh6 67. Kg4 Kg6 68. h5+ Kh6 69. Kh4 Kh7 70. Kg5 Kg7 71. h6+ Kh7 72. Kh5 Kh8 73. Kg6 Kg8 74. Ng5 Kh8 75. Nf7+ Kg8 76. h7+ Kf8 77. h8Q+ 1-0

[Event "Titled Tuesday intern op 28th Mar Late"]
[Site "Chess.com INT"]
[Date "2023.03.28"]
[Round "9"]
[White "Estremera Panos, Sergio"]
[Black "Rottenwohrer Suarez, Juan"]
[Result "1-0"]
[WhiteElo "2265"]
[BlackElo "2299"]
[PlyCount "91"]
[EventDate "2023.03.28"]
[EventType "swiss (blitz)"]
[EventRounds "11"]
[EventCountry "USA"]
[SourceTitle "EXT 2024"]
[Source "ChessBase"]
[SourceDate "2023.10.10"]
[SourceVersion "1"]
[SourceVersionDate "2023.10.10"]
[SourceQuality "1"]

1. d4 d5 2. c4 e6 3. Nc3 h6 4. Nf3 Nf6 5. Bf4 Bd6 6. Bxd6 Qxd6 7. e3 0-0 8. Bd3 dxc4 9. Bxc4 a6 10. 0-0 b5 11. Bd3 Bb7 12. e4 Qb6 13. Re1 c5 14. dxc5 Qxc5 15. e5 Ng4 16. Qe2 Nd7 17. Be4 Bxe4 18. Nxe4 Qb6 19. Nc3 b4 20. Na4 Qb5 21. b3 h5 22. Rac1 Rfd8 23. Qe4 g6 24. h3 Nh6 25. Red1 Nb6 26. Rxd8+ Rxd8 27. Rc5 Nxa4 28. Rxb5 Nc3 29. Qe3 Nf5 30. Qb6 Rd1+ 31. Kh2 axb5 32. Ng5 Rd2 33. Qc7 Nh6 34. Qe7 Rxa2 35. Qxb4 Nd5 36. Qxb5 Rxf2 37. Qe8+ Kg7 38. Nxe6+ fxe6 39. Qxe6 Ne3 40. Qd7+ Kg8 41. Qc8+ Kg7 42. Qc7+ Nf7 43. e6 Rxg2+ 44. Kh1 Rf2 45. exf7 Rxf7 46. Qc3+ 1-0